[Event "17.Seefeld Open 2006"]
[Site "Seefeld/AUT (23.9.-1.10)"]
[Date "2006.09.27"]
[Round "5"]
[White "Teske, Henrik"]
[Black "Kesik, Klaus-Dieter"]
[Result "1-0"]
[WhiteElo "2486"]
[BlackElo "2280"]
[PlyCount "113"]
[EventDate "2006.09.??"]
[EventType "swiss"]
[EventRounds "9"]
[EventCountry "AUT"]

1. d4 Nf6 2. c4 g6 3. g3 Bg7 4. Bg2 O-O 5. e4 d6 6. Ne2 e5 7. O-O Nc6 8. d5 Ne7
9. b4 Ng4 10. f3 Nh6 11. Nbc3 f5 12. Bd2 f4 13. Rc1 g5 14. c5 Ng6 15. Nb5 a6
16. Na3 Rf7 17. Nc4 Bf8 18. cxd6 cxd6 19. a4 Rg7 20. a5 fxg3 21. hxg3 Nf4 22.
Nb6 Nxg2 23. Kxg2 Rb8 24. Rh1 Nf7 25. g4 Nh8 26. Ng3 Ng6 27. Nxc8 Nh4+ 28. Kf2
Rxc8 29. Bxg5 Rxg5 30. Rxh4 Rg6 31. Nf5 Rc7 32. Qd2 Be7 33. Rh5 Rxc1 34. Nxe7+
Qxe7 35. Qxc1 Qd8 36. Kg3 Rg7 37. Qh6 Qe7 38. Rf5 Rg6 39. Qc1 Qd8 40. f4 exf4+
41. Qxf4 Qe7 42. e5 dxe5 43. Rxe5 Qd7 44. Rg5 Qe7 45. Re5 Qd7 46. Qe4 Qd6 47.
Kf3 Rf6+ 48. Rf5 Rxf5+ 49. gxf5 Qh2 50. Kg4 Kf8 51. f6 Qg1+ 52. Kf5 Qg6+ 53.
Ke5 Qg3+ 54. Ke6 h5 55. Kd7 Qg4+ 56. Qe6 Qg6 57. Qe7+ 1-0

[Event "17.Seefeld Open 2006"]
[Site "Seefeld/AUT (23.9.-1.10)"]
[Date "2006.09.27"]
[Round "5"]
[White "Bronznik, Valeri"]
[Black "Pilz, Dieter"]
[Result "1/2-1/2"]
[WhiteElo "2383"]
[BlackElo "2333"]
[PlyCount "80"]
[EventDate "2006.09.??"]
[EventType "swiss"]
[EventRounds "9"]
[EventCountry "AUT"]

1. d4 c5 2. d5 Nf6 3. c4 g6 4. Nc3 d6 5. e4 Bg7 6. Bd3 O-O 7. h3 a6 8. a4 e6 9.
Nf3 exd5 10. cxd5 Nbd7 11. O-O Ne8 12. Be3 Rb8 13. Nd2 Nc7 14. Nc4 Ne5 15. Nxe5
Bxe5 16. f4 Bg7 17. Qf3 b5 18. axb5 Nxb5 19. Nxb5 axb5 20. e5 c4 21. Bc2 Bb7
22. Rad1 dxe5 23. fxe5 Bxe5 24. Bc5 Bd6 25. Bd4 Bxd5 26. Qe3 Re8 27. Qh6 Bf8
28. Qf4 Bd6 29. Qh6 Be5 30. Rf5 Bxd4+ 31. Rxd4 Re1+ 32. Kf2 Qe8 33. Rfxd5 Re2+
34. Kg1 Rxc2 35. Rh4 Qe1+ 36. Kh2 Rxg2+ 37. Kxg2 Qe2+ 38. Kg1 Qe1+ 39. Kg2 Qe2+
40. Kg3 Qe1+ 1/2-1/2

[Event "17.Seefeld Open 2006"]
[Site "Seefeld/AUT (23.9.-1.10)"]
[Date "2006.09.27"]
[Round "5"]
[White "Stabolewski, Andreas"]
[Black "Van der Weide, Karel"]
[Result "0-1"]
[WhiteElo "2235"]
[BlackElo "2443"]
[PlyCount "58"]
[EventDate "2006.09.??"]
[EventType "swiss"]
[EventRounds "9"]
[EventCountry "AUT"]

1. Nf3 Nf6 2. c4 g6 3. Nc3 Bg7 4. e4 d6 5. d4 O-O 6. Be2 Na6 7. O-O e5 8. Be3
Ng4 9. Bg5 Qe8 10. h3 h6 11. Bh4 Nf6 12. c5 g5 13. dxe5 dxe5 14. Bxa6 bxa6 15.
Bg3 g4 16. hxg4 Bxg4 17. Qd3 Nh5 18. Qxa6 Rb8 19. Qxa7 Bxf3 20. gxf3 Qe6 21.
Qa3 Qh3 22. Ne2 f5 23. Qc3 Kh8 24. Rab1 Rg8 25. exf5 Nf4 26. Nxf4 exf4 27. f6
fxg3 28. fxg3 Qxg3+ 29. Kh1 Qh4+ 0-1

[Event "17.Seefeld Open 2006"]
[Site "Seefeld/AUT (23.9.-1.10)"]
[Date "2006.09.27"]
[Round "5"]
[White "Dittmar, Peter"]
[Black "Keller, Manfred"]
[Result "1-0"]
[WhiteElo "2334"]
[BlackElo "2180"]
[PlyCount "176"]
[EventDate "2006.09.??"]
[EventType "swiss"]
[EventRounds "9"]
[EventCountry "AUT"]

1. d4 d6 2. e4 g6 3. Nc3 Bg7 4. Nf3 Nf6 5. Be2 O-O 6. O-O a6 7. a4 b6 8. Re1
Bb7 9. d5 c5 10. Bf4 h6 11. h3 Nbd7 12. Qd2 g5 13. Bh2 Qc7 14. Rad1 Ne5 15.
Nxe5 dxe5 16. d6 exd6 17. Qxd6 Qxd6 18. Rxd6 Nxe4 19. Rxb6 Nxc3 20. bxc3 Be4
21. Rc1 a5 22. f3 Bf5 23. g4 Be6 24. Rd1 e4 25. fxe4 Bxc3 26. Kg2 Rfd8 27. Rbd6
Bd4 28. Bb5 Rxd6 29. Bxd6 f6 30. Rd3 Rc8 31. c3 Be5 32. Bxe5 fxe5 33. Rd6 Kf7
34. Ra6 Rd8 35. Rxa5 Rd2+ 36. Kg3 c4 37. Ra7+ Kf6 38. Ra6 Ke7 39. Ra7+ Kd6 40.
Rh7 Rd3+ 41. Kg2 Rxc3 42. Rxh6 Rc1 43. Kf2 Ke7 44. Rg6 c3 45. Ke2 Rh1 46. Kd3
Rxh3+ 47. Kc2 Bxg4 48. Rxg5 Be6 49. Rxe5 Kd6 50. Rg5 Re3 51. Bd3 Bb3+ 52. Kxc3
Bxa4 53. Kd4 Re1 54. Rg6+ Ke7 55. Ra6 Bd7 56. Bc4 Bh3 57. Ra7+ Kf6 58. Rf7+ Kg6
59. Rf8 Kg7 60. Rf2 Rd1+ 61. Ke5 Rd8 62. Bd5 Re8+ 63. Kd6 Rd8+ 64. Kc5 Rc8+ 65.
Kd4 Rf8 66. Rh2 Bc8 67. Ra2 Rd8 68. Ke5 Re8+ 69. Kd6 Rd8+ 70. Kc7 Rf8 71. Rg2+
Kh6 72. Kd6 Rd8+ 73. Ke5 Rf8 74. Rg1 Kh7 75. Kd6 Rd8+ 76. Ke7 Rd7+ 77. Ke8 Rd6
78. Bf7 Kh6 79. e5 Rb6 80. Ke7 Rb7+ 81. Kf6 Rb6+ 82. e6 Bxe6 83. Bxe6 Rb5 84.
Rg8 Rb7 85. Rg6+ Kh5 86. Rg3 Rb4 87. Rh3+ Rh4 88. Rg3 Rb4 1-0

[Event "17.Seefeld Open 2006"]
[Site "Seefeld/AUT (23.9.-1.10)"]
[Date "2006.09.27"]
[Round "5"]
[White "Ballon, Guenther-Jan"]
[Black "Mohrlok, Dieter"]
[Result "1/2-1/2"]
[WhiteElo "2184"]
[BlackElo "2321"]
[PlyCount "91"]
[EventDate "2006.09.??"]
[EventType "swiss"]
[EventRounds "9"]
[EventCountry "AUT"]

1. d4 g6 2. c4 Bg7 3. Nc3 d6 4. e4 e5 5. Nge2 Nd7 6. Be3 Nh6 7. f3 f6 8. h4 Nf7
9. h5 c6 10. hxg6 hxg6 11. Rxh8+ Bxh8 12. d5 c5 13. Qd2 f5 14. g3 Nf6 15. O-O-O
Bd7 16. Kb1 a6 17. Nc1 fxe4 18. Nxe4 Nxe4 19. fxe4 Bf6 20. Bd3 Bg5 21. Rf1 Bxe3
22. Qxe3 Qe7 23. Qf3 Kf8 24. Ne2 Kg7 25. Nc3 Rf8 26. Be2 Rb8 27. a4 Ng5 28. Qe3
Rf8 29. Rxf8 Kxf8 30. b3 Kg7 31. Kc2 Nf7 32. Nd1 Qg5 33. Qxg5 Nxg5 34. Nf2 Nh3
35. Nxh3 Bxh3 36. a5 Bd7 37. Kc3 Kf6 38. b4 Ke7 39. Bf3 Kd8 40. Be2 Kc7 41.
bxc5 dxc5 42. g4 g5 43. Kb3 b5 44. axb6+ Kxb6 45. Ka3 Ka5 46. Bd1 1/2-1/2

[Event "17.Seefeld Open 2006"]
[Site "Seefeld/AUT (23.9.-1.10)"]
[Date "2006.09.27"]
[Round "5"]
[White "Lagrotteria, Salvatore"]
[Black "Schunk, Thomas"]
[Result "1/2-1/2"]
[WhiteElo "2176"]
[BlackElo "2315"]
[PlyCount "125"]
[EventDate "2006.09.??"]
[EventType "swiss"]
[EventRounds "9"]
[EventCountry "AUT"]

1. d4 Nf6 2. c4 c5 3. d5 b5 4. Nf3 g6 5. cxb5 a6 6. b6 Qxb6 7. Nc3 Bg7 8. e4 d6
9. Nd2 O-O 10. Be2 Bb7 11. Nc4 Qc7 12. O-O Nbd7 13. a4 Nb6 14. a5 Nxc4 15. Bxc4
Ra7 16. Bg5 h6 17. Be3 Bc8 18. f3 Kh7 19. Qd2 Nd7 20. Na4 Ne5 21. Nb6 Nxc4 22.
Nxc4 Rb7 23. Nb6 Bd7 24. Rfc1 f5 25. Rab1 Qd8 26. b4 cxb4 27. Rxb4 fxe4 28.
fxe4 Rc7 29. Rbb1 Rxc1+ 30. Rxc1 Bb5 31. h3 Qe8 32. Bd4 Qf7 33. Bxg7 Qxg7 34.
Nc4 Rc8 35. Ne3 Rxc1+ 36. Qxc1 Qd4 37. Kh1 h5 38. Nd1 Qxe4 39. Nc3 Qd3 40. Nxb5
Qxb5 41. Qe1 Qxd5 42. Qxe7+ Kh6 43. h4 Qe5 44. Qf8+ Kh7 45. Qf7+ Qg7 46. Qf1
Qb7 47. Qf2 Qc7 48. g3 Qd7 49. Kh2 d5 50. Qd4 Qe6 51. Qa7+ Kh6 52. Qa8 Qe2+ 53.
Kg1 Qe3+ 54. Kg2 Qe4+ 55. Kf2 Qd4+ 56. Kg2 Qb2+ 57. Kg1 Qc1+ 58. Kf2 Qd2+ 59.
Kg1 Qd4+ 60. Kg2 Qe4+ 61. Kf2 Qc2+ 62. Kg1 Qc5+ 63. Kg2 1/2-1/2

[Event "17.Seefeld Open 2006"]
[Site "Seefeld/AUT (23.9.-1.10)"]
[Date "2006.09.27"]
[Round "5"]
[White "Schmidt, Juergen"]
[Black "Kauch, Markus"]
[Result "1/2-1/2"]
[WhiteElo "2122"]
[BlackElo "2244"]
[PlyCount "36"]
[EventDate "2006.09.??"]
[EventType "swiss"]
[EventRounds "9"]
[EventCountry "AUT"]

1. e4 b6 2. Nc3 Bb7 3. Nf3 e6 4. d4 Nf6 5. e5 Ne4 6. Nxe4 Bxe4 7. Bd3 Bxd3 8.
Qxd3 d5 9. O-O Be7 10. b3 O-O 11. a4 a5 12. c3 c5 13. Be3 Nc6 14. Rab1 Qc7 15.
Ng5 g6 16. f4 cxd4 17. Bxd4 Nxd4 18. cxd4 Rac8 1/2-1/2

[Event "17.Seefeld Open 2006"]
[Site "Seefeld/AUT (23.9.-1.10)"]
[Date "2006.09.27"]
[Round "5"]
[White "Schoetzig, Detlef"]
[Black "Ermel, Dirk"]
[Result "1/2-1/2"]
[WhiteElo "2124"]
[BlackElo "2184"]
[PlyCount "82"]
[EventDate "2006.09.??"]
[EventType "swiss"]
[EventRounds "9"]
[EventCountry "AUT"]

1. c4 e6 2. Nf3 d5 3. d4 Nf6 4. e3 c6 5. Bd3 Nbd7 6. O-O Bd6 7. Nc3 O-O 8. e4
dxe4 9. Nxe4 Nxe4 10. Bxe4 f5 11. Bc2 e5 12. c5 Be7 13. dxe5 Nxc5 14. Be3 Be6
15. Nd4 Bc4 16. Nxf5 Bxf1 17. Qxd8 Bxd8 18. Bxc5 Bc4 19. Bxf8 Kxf8 20. Nd6 Bd5
21. Nxb7 Bc7 22. Nc5 Rd8 23. f4 g5 24. g3 gxf4 25. gxf4 Ke7 26. Bxh7 Rh8 27.
Bd3 Bb6 28. b4 Rg8+ 29. Kf1 Rg4 30. f5 Rxb4 31. f6+ Kd8 32. Nb3 Rf4+ 33. Ke1
Bc7 34. Rc1 Bxe5 35. Na5 Rxf6 36. Rc2 Rh6 37. Bc4 Rxh2 38. Rxh2 Bxh2 39. Bxd5
cxd5 40. Nc6+ Kc7 41. Nxa7 Kb6 1/2-1/2

[Event "17.Seefeld Open 2006"]
[Site "Seefeld/AUT (23.9.-1.10)"]
[Date "2006.09.27"]
[Round "5"]
[White "Platzgummer, Fabian"]
[Black "Kroencke, Manfred"]
[Result "1-0"]
[WhiteElo "2044"]
[BlackElo "2183"]
[PlyCount "79"]
[EventDate "2006.09.??"]
[EventType "swiss"]
[EventRounds "9"]
[EventCountry "AUT"]

1. e4 c5 2. Nf3 e6 3. d4 cxd4 4. Nxd4 Nc6 5. Nc3 Qc7 6. Be3 a6 7. Qd2 Nf6 8.
O-O-O Bb4 9. f3 Ne5 10. Nb3 b5 11. Qe1 Be7 12. f4 Ng6 13. e5 Ng4 14. Bd4 Bb7
15. Kb1 Rc8 16. Qd2 b4 17. Na4 Be4 18. Bd3 Bxd3 19. cxd3 O-O 20. Rc1 Qb7 21.
Nb6 Rxc1+ 22. Rxc1 a5 23. Nxa5 Qa6 24. Nac4 Nxh2 25. Qe2 f5 26. exf6 Bxf6 27.
Bxf6 Rxf6 28. Qh5 d5 29. Nxd5 Rf5 30. Ne7+ Nxe7 31. Qe8+ Rf8 32. Qxe7 Rxf4 33.
Qxb4 Ng4 34. Qb6 Qxb6 35. Nxb6 Rd4 36. a4 Ne3 37. a5 Nd5 38. Nxd5 Rxd5 39. b4
Rxd3 40. Kb2 1-0

[Event "17.Seefeld Open 2006"]
[Site "Seefeld/AUT (23.9.-1.10)"]
[Date "2006.09.27"]
[Round "5"]
[White "Meschke, Andreas"]
[Black "Fischer, Gerd"]
[Result "1-0"]
[WhiteElo "2183"]
[BlackElo "2026"]
[PlyCount "83"]
[EventDate "2006.09.??"]
[EventType "swiss"]
[EventRounds "9"]
[EventCountry "AUT"]

1. e4 e6 2. d4 d5 3. Nc3 Nf6 4. Bg5 Be7 5. e5 Nfd7 6. Bxe7 Qxe7 7. Nb5 Nb6 8.
Qd2 a6 9. Na3 c5 10. c3 Nc6 11. Nf3 cxd4 12. cxd4 Qb4 13. Rc1 Bd7 14. Bd3 O-O
15. Bb1 Qxd2+ 16. Kxd2 Rac8 17. b3 f6 18. exf6 Rxf6 19. Nc2 Be8 20. Nce1 Bh5
21. Ke3 Bxf3 22. Nxf3 h6 23. Ne5 Nxe5 24. Rxc8+ Nxc8 25. dxe5 Rf7 26. Rc1 Ne7
27. f4 g5 28. g3 gxf4+ 29. gxf4 Nf5+ 30. Bxf5 Rxf5 31. Rc8+ Kg7 32. Re8 Kf7 33.
Rb8 Rh5 34. Rxb7+ Kg6 35. Re7 Rh3+ 36. Kd4 Kf5 37. Rf7+ Kg4 38. f5 exf5 39.
Rg7+ Kf4 40. Rg2 Rf3 41. e6 Rf1 42. Re2 1-0

[Event "17.Seefeld Open 2006"]
[Site "Seefeld/AUT (23.9.-1.10)"]
[Date "2006.09.27"]
[Round "5"]
[White "Jandke, Manfred"]
[Black "Babinetz, Rainer"]
[Result "1-0"]
[WhiteElo "2156"]
[BlackElo "1946"]
[PlyCount "84"]
[EventDate "2006.09.??"]
[EventType "swiss"]
[EventRounds "9"]
[EventCountry "AUT"]

1. Nf3 d5 2. d4 Nf6 3. c4 c6 4. Nc3 Nbd7 5. cxd5 cxd5 6. Qb3 e6 7. e3 a6 8. Bd3
Bd6 9. Bd2 O-O 10. O-O b5 11. Rac1 Bb7 12. Ne2 Rc8 13. Rxc8 Qxc8 14. a4 bxa4
15. Qxa4 e5 16. Rc1 Qb8 17. dxe5 Nxe5 18. Nxe5 Bxe5 19. f4 Bd6 20. Ng3 Rc8 21.
Bc3 Qa7 22. Re1 Bc5 23. Nf5 Qb6 24. h3 Qc6 25. Qxc6 Rxc6 26. g4 Bc8 27. Nd4 Rc7
28. Ba5 Re7 29. Rc1 Nd7 30. Bf5 Rxe3 31. Bxd7 Bxd4 32. Rxc8+ Re8+ 33. Kf1 Rxc8
34. Bxc8 Bxb2 35. Bxa6 f6 36. Ke2 Kf7 37. Kd3 Ke7 38. Bb4+ Kd7 39. Bb7 Ke6 40.
Bc8+ Kf7 41. f5 d4 42. Be6+ Ke8 1-0

[Event "17.Seefeld Open 2006"]
[Site "Seefeld/AUT (23.9.-1.10)"]
[Date "2006.09.27"]
[Round "5"]
[White "Scholz, Herbert"]
[Black "Thoeny, Hermann"]
[Result "1/2-1/2"]
[WhiteElo "1991"]
[BlackElo "2175"]
[PlyCount "53"]
[EventDate "2006.09.??"]
[EventType "swiss"]
[EventRounds "9"]
[EventCountry "AUT"]

1. d4 Nf6 2. Bg5 Ne4 3. Bf4 d5 4. f3 Nf6 5. e4 dxe4 6. Nc3 e3 7. Bc4 g6 8. Nge2
Bg7 9. Bxe3 O-O 10. Qd2 Nc6 11. O-O-O a6 12. g4 b5 13. Bb3 Na5 14. h4 Bb7 15.
Rh3 Qd7 16. Bh6 Rac8 17. h5 Nxb3+ 18. axb3 Bh8 19. hxg6 fxg6 20. Bxf8 Rxf8 21.
d5 e6 22. dxe6 Qxe6 23. Nf4 Qf7 24. g5 Ne8 25. Nfd5 Bc8 26. Rg3 c6 27. Nf6+
1/2-1/2

[Event "17.Seefeld Open 2006"]
[Site "Seefeld/AUT (23.9.-1.10)"]
[Date "2006.09.27"]
[Round "5"]
[White "Kozlov, Alexander"]
[Black "Willin, Bernhard"]
[Result "1-0"]
[WhiteElo "2118"]
[BlackElo "2009"]
[PlyCount "85"]
[EventDate "2006.09.??"]
[EventType "swiss"]
[EventRounds "9"]
[EventCountry "AUT"]

1. d4 Nf6 2. c4 g6 3. Nc3 Bg7 4. e4 d6 5. h3 O-O 6. Bg5 h6 7. Be3 Nbd7 8. Nf3
c6 9. Be2 e5 10. d5 c5 11. a3 Re8 12. g4 Kh7 13. Qd2 Ng8 14. O-O Nf8 15. Qc2 g5
16. b4 b6 17. Rab1 Re7 18. bxc5 bxc5 19. Rb3 Ng6 20. Rfb1 Nf6 21. Kh2 Qd7 22.
Ng1 Re8 23. f3 Bf8 24. Bd1 Be7 25. Nge2 Nf4 26. Ng3 Qd8 27. Qd2 Nd7 28. Na4 Ba6
29. Qc3 Qc7 30. Nf5 Bf8 31. Bd2 Rec8 32. Ne3 Be7 33. Qc2 Nf6 34. Nc3 Qd7 35.
Nb5 Bd8 36. R3b2 Rcb8 37. Be1 Bc8 38. Qd2 Ng6 39. Nf5 Bc7 40. Ba4 Qd8 41. Nxc7
Qxc7 42. Bc6 Rxb2 43. Qxb2 1-0

[Event "17.Seefeld Open 2006"]
[Site "Seefeld/AUT (23.9.-1.10)"]
[Date "2006.09.27"]
[Round "5"]
[White "Mertens, Klaus"]
[Black "Werner, Bernd"]
[Result "1-0"]
[WhiteElo "2100"]
[BlackElo "1980"]
[PlyCount "139"]
[EventDate "2006.09.??"]
[EventType "swiss"]
[EventRounds "9"]
[EventCountry "AUT"]

1. Nf3 Nf6 2. g3 g6 3. Bg2 Bg7 4. O-O O-O 5. c4 c6 6. d4 d5 7. b3 Bg4 8. h3
Bxf3 9. Bxf3 Nbd7 10. Bb2 Re8 11. cxd5 cxd5 12. Nc3 e6 13. Rc1 Rc8 14. Na4 Qe7
15. Rc2 b5 16. Nc3 a6 17. a3 Nb6 18. Qd3 Rc7 19. Rfc1 Rec8 20. Na2 Qd7 21. Nb4
Rxc2 22. Rxc2 Rxc2 23. Qxc2 a5 24. Nd3 Qc8 25. Qc5 Qxc5 26. dxc5 Nc8 27. Bc3 a4
28. bxa4 bxa4 29. Nb2 Nd7 30. Bxg7 Kxg7 31. Nxa4 Na7 32. e4 Ne5 33. Be2 dxe4
34. Nc3 f5 35. Bb5 Nxb5 36. Nxb5 Nc6 37. Kf1 Kf6 38. Ke2 Ke5 39. Ke3 g5 40. Kd2
h5 41. Nd6 g4 42. h4 Kd5 43. Ne8 e5 44. Ng7 Nd4 45. Nxh5 Kxc5 46. Ng7 f4 47. h5
Nf3+ 48. Ke2 Ng5 49. h6 Kc4 50. Nh5 e3 51. fxe3 fxe3 52. Kxe3 Kb3 53. Nf6 Kxa3
54. Nxg4 Kb4 55. Nxe5 Kc5 56. Kf4 Nh7 57. Kf5 Kd6 58. Nf7+ Ke7 59. Ng5 Nf6 60.
h7 Nxh7 61. Nxh7 Kf7 62. g4 Kg7 63. Nf6 Kf7 64. g5 Kg7 65. g6 Kh8 66. Ne8 Kg8
67. Kf6 Kh8 68. Nd6 Kg8 69. g7 Kh7 70. Kf7 1-0

[Event "17.Seefeld Open 2006"]
[Site "Seefeld/AUT (23.9.-1.10)"]
[Date "2006.09.27"]
[Round "5"]
[White "Oettinger, Hagen"]
[Black "Niedergesaess, Herbert"]
[Result "1-0"]
[WhiteElo "2083"]
[BlackElo "1950"]
[PlyCount "109"]
[EventDate "2006.09.??"]
[EventType "swiss"]
[EventRounds "9"]
[EventCountry "AUT"]

1. d4 Nf6 2. Nf3 g6 3. g3 Bg7 4. Bg2 O-O 5. O-O d5 6. c4 c6 7. Nc3 Nbd7 8. Ne5
dxc4 9. Nxc4 Nb6 10. Ne5 Be6 11. e4 Qc8 12. Be3 Ng4 13. Nxg4 Bxg4 14. f3 Bh3
15. Qe2 Bxg2 16. Kxg2 Qe6 17. Rac1 Rac8 18. b3 f5 19. Rfd1 Qf7 20. Rc2 e5 21.
dxe5 Bxe5 22. Bxb6 axb6 23. Qc4 Qxc4 24. bxc4 Bxc3 25. Rxc3 fxe4 26. fxe4 Rce8
27. Re3 Re5 28. Rd7 Rf7 29. Rxf7 Kxf7 30. Kf3 Rc5 31. Rb3 Rxc4 32. Rxb6 Kf6 33.
Rxb7 Rc3+ 34. Kf4 g5+ 35. Kg4 Kg6 36. Rb2 h5+ 37. Kh3 Kf6 38. Rf2+ Kg6 39. e5
Rc5 40. Re2 Kf7 41. e6+ Ke7 42. Kg2 Ra5 43. Kf1 c5 44. Ke1 c4 45. Kd1 Rf5 46.
Kc2 h4 47. gxh4 gxh4 48. Kc3 Rf4 49. a4 Rg4 50. a5 h3 51. a6 Rh4 52. a7 Rh8 53.
Kxc4 Ra8 54. Ra2 Kxe6 55. Kb5 1-0

[Event "17.Seefeld Open 2006"]
[Site "Seefeld/AUT (23.9.-1.10)"]
[Date "2006.09.27"]
[Round "5"]
[White "Buchaeckert, Juergen"]
[Black "Schumacher, Helmut"]
[Result "1/2-1/2"]
[WhiteElo "1943"]
[BlackElo "2076"]
[PlyCount "28"]
[EventDate "2006.09.??"]
[EventType "swiss"]
[EventRounds "9"]
[EventCountry "AUT"]

1. e4 e6 2. d4 d5 3. e5 b6 4. Bb5+ c6 5. Ba4 Ne7 6. c3 a5 7. Ne2 Ba6 8. O-O Qc7
9. Bc2 Nd7 10. Re1 c5 11. Bg5 Ng6 12. Nd2 Be7 13. Nf3 Bxg5 14. Nxg5 h6 1/2-1/2

[Event "17.Seefeld Open 2006"]
[Site "Seefeld/AUT (23.9.-1.10)"]
[Date "2006.09.27"]
[Round "5"]
[White "Schmidt, Wolfgang"]
[Black "Maurer, Rainer"]
[Result "1-0"]
[WhiteElo "2061"]
[BlackElo "1916"]
[PlyCount "57"]
[EventDate "2006.09.??"]
[EventType "swiss"]
[EventRounds "9"]
[EventCountry "AUT"]

1. e4 d5 2. exd5 Qxd5 3. Nc3 Qa5 4. d4 c6 5. Nf3 Nf6 6. Bc4 Bf5 7. Bd2 Nbd7 8.
Qe2 e6 9. d5 cxd5 10. Nxd5 Qd8 11. Nxf6+ Qxf6 12. O-O-O Ba3 13. c3 Bc5 14. Bg5
Qg6 15. Rxd7 O-O 16. Rhd1 e5 17. R7d5 e4 18. Rxc5 exf3 19. Qd2 fxg2 20. Rg1 h6
21. Be3 Rad8 22. Rd5 Rxd5 23. Qxd5 Be4 24. Qd1 Qc6 25. Be2 Qe6 26. Bf3 Bg6 27.
Qd5 Qf6 28. Rxg2 Rd8 29. Rxg6 1-0

[Event "17.Seefeld Open 2006"]
[Site "Seefeld/AUT (23.9.-1.10)"]
[Date "2006.09.27"]
[Round "5"]
[White "Noettger, Eckard"]
[Black "Schwammberger, Eugen"]
[Result "0-1"]
[WhiteElo "1783"]
[BlackElo "2085"]
[PlyCount "113"]
[EventDate "2006.09.??"]
[EventType "swiss"]
[EventRounds "9"]
[EventCountry "AUT"]

1. d4 Nf6 2. Nf3 d5 3. e3 Bg4 4. Be2 e6 5. O-O Nbd7 6. c4 dxc4 7. Qa4 c6 8.
Qxc4 Be7 9. Bd2 Ne4 10. Bb4 O-O 11. Bxe7 Qxe7 12. Nbd2 Ndf6 13. Rad1 Rfd8 14.
Nxe4 Nxe4 15. Nd2 Nd6 16. Qd3 Bf5 17. Qb3 Rd7 18. Nc4 Nxc4 19. Qxc4 Be4 20. f3
Bg6 21. Bd3 Qg5 22. Rde1 Rad8 23. Bxg6 hxg6 24. Qe2 c5 25. Qb5 b6 26. dxc5 Rd2
27. Re2 R8d3 28. f4 Qd5 29. Rxd2 Rxd2 30. Rf2 Rd1+ 31. Rf1 Rd3 32. Rf3 Kf8 33.
Qb4 Qxc5 34. Qxc5+ bxc5 35. Kf1 Rd1+ 36. Ke2 Rb1 37. b3 Rb2+ 38. Kd3 Rxa2 39.
Rg3 Ke7 40. e4 Kd6 41. Kc4 Kc6 42. Rg5 Rc2+ 43. Kd3 Rc1 44. f5 exf5 45. exf5
Rd1+ 46. Kc4 Rd4+ 47. Kc3 Rh4 48. h3 Rh5 49. f6 gxf6 50. Rxh5 gxh5 51. h4 f5
52. Kd3 Kd5 53. Ke3 a5 54. Kf4 c4 55. bxc4+ Kxc4 56. Kxf5 a4 57. g4 0-1

[Event "17.Seefeld Open 2006"]
[Site "Seefeld/AUT (23.9.-1.10)"]
[Date "2006.09.27"]
[Round "5"]
[White "Russ, Colin"]
[Black "Becking, Franz-Josef"]
[Result "0-1"]
[WhiteElo "1963"]
[BlackElo "2076"]
[PlyCount "118"]
[EventDate "2006.09.??"]
[EventType "swiss"]
[EventRounds "9"]
[EventCountry "AUT"]

1. d4 e6 2. c4 f5 3. Nf3 Nf6 4. Nc3 d5 5. Bf4 c6 6. e3 Bd6 7. Bxd6 Qxd6 8. c5
Qc7 9. Bd3 Nbd7 10. Ng5 Nf8 11. Qc2 h6 12. Nf3 N8d7 13. O-O Ne4 14. b4 O-O 15.
b5 e5 16. Nd2 Nxc3 17. Qxc3 e4 18. Be2 Nf6 19. bxc6 bxc6 20. f4 Kh7 21. Nb3 g5
22. Qe1 Rg8 23. Kh1 Be6 24. Qf2 Rg6 25. g4 Nxg4 26. Bxg4 fxg4 27. Qg3 Rg7 28.
fxg5 Qxg3 29. hxg3 Rxg5 30. Na5 Rc8 31. Rab1 Rc7 32. Rb8 Rf5 33. Rxf5 Bxf5 34.
Rd8 Kg7 35. Rd6 Bd7 36. Kg2 Be8 37. Re6 Bd7 38. Rd6 h5 39. Kg1 Be8 40. Re6 Kf8
41. Kg2 Rc8 42. Kf1 Rb8 43. Nxc6 Rb1+ 44. Kf2 Rb2+ 45. Kf1 Bxc6 46. Rxc6 Rxa2
47. Rh6 a5 48. Rxh5 a4 49. Rxd5 Ra1+ 50. Ke2 a3 51. Kd2 a2 52. Rd8+ Ke7 53. Ra8
Rg1 54. Kc3 a1=Q+ 55. Rxa1 Rxa1 56. d5 Rd1 57. Kc4 Rd3 58. d6+ Kd7 59. Kb5 Rxe3
0-1

[Event "17.Seefeld Open 2006"]
[Site "Seefeld/AUT (23.9.-1.10)"]
[Date "2006.09.27"]
[Round "5"]
[White "Di Lazzaro, Gabriele"]
[Black "Pieper, Harald"]
[Result "1-0"]
[WhiteElo "1986"]
[BlackElo "2067"]
[PlyCount "40"]
[EventDate "2006.09.??"]
[EventType "swiss"]
[EventRounds "9"]
[EventCountry "AUT"]

1. e4 d5 2. exd5 Nf6 3. Bb5+ Bd7 4. Bc4 c6 5. dxc6 Bxc6 6. Nf3 e6 7. Nc3 Bc5 8.
d3 Nbd7 9. O-O h6 10. Qe2 O-O 11. Be3 Bd6 12. h3 b6 13. Rad1 Qe7 14. Rfe1 Bxf3
15. Qxf3 Ne5 16. Qe2 Nxc4 17. dxc4 Bb4 18. Bd2 Rfd8 19. a3 Bxc3 20. Bxc3 Kf8
1-0

[Event "17.Seefeld Open 2006"]
[Site "Seefeld/AUT (23.9.-1.10)"]
[Date "2006.09.27"]
[Round "5"]
[White "Kircher, Werner"]
[Black "Antoniacci, Riccardo"]
[Result "0-1"]
[WhiteElo "2030"]
[BlackElo "1980"]
[PlyCount "34"]
[EventDate "2006.09.??"]
[EventType "swiss"]
[EventRounds "9"]
[EventCountry "AUT"]

1. c4 e5 2. Nc3 d6 3. Nf3 f5 4. d4 e4 5. Ng5 h6 6. Nh3 g5 7. e3 Nf6 8. d5 Bg7
9. Be2 O-O 10. Qc2 a5 11. Bd2 Na6 12. a3 Nc5 13. Rb1 a4 14. Nb5 Ng4 15. Bxg4
Nd3+ 16. Ke2 fxg4 17. Ng1 Rxf2+ 0-1

[Event "17.Seefeld Open 2006"]
[Site "Seefeld/AUT (23.9.-1.10)"]
[Date "2006.09.27"]
[Round "5"]
[White "Schulze, Joachim"]
[Black "Aufmwasser, Guenter"]
[Result "1-0"]
[WhiteElo "2010"]
[BlackElo "1909"]
[PlyCount "107"]
[EventDate "2006.09.??"]
[EventType "swiss"]
[EventRounds "9"]
[EventCountry "AUT"]

1. e4 c5 2. Nf3 Nc6 3. d4 cxd4 4. Nxd4 e5 5. Nb5 a6 6. Nd6+ Bxd6 7. Qxd6 Qe7 8.
Qd1 Nf6 9. Nc3 Qb4 10. a3 Qd4 11. Be3 Qxd1+ 12. Rxd1 O-O 13. f3 Re8 14. Bg5 Ne7
15. Rd6 b5 16. Bxf6 gxf6 17. Rxf6 Bb7 18. Rd6 Red8 19. Be2 Nc8 20. Rd2 Nb6 21.
O-O Rac8 22. Rfd1 Rc7 23. Na2 Rc5 24. Nb4 Rc7 25. c3 Kf8 26. Kf2 Ke7 27. Rd6
Nc8 28. Rh6 Rh8 29. Nxa6 Rc6 30. Rxc6 Bxc6 31. Nc7 Nd6 32. Nd5+ Ke6 33. Nc7+
Ke7 34. Nd5+ Ke6 35. Nb4 Nc4 36. Rb1 Bb7 37. g3 Rd8 38. Bf1 Nd2 39. Bh3+ Ke7
40. Rd1 Nc4 41. Nd5+ Bxd5 42. Rxd5 b4 43. axb4 Nxb2 44. Rxe5+ Kf6 45. Rd5 Ke7
46. Ke3 d6 47. Bf1 Rc8 48. Kd4 Na4 49. c4 f6 50. Ra5 Nb6 51. Ra7+ Kf8 52. Rb7
Na8 53. Rxh7 Kg8 54. Rd7 1-0

[Event "17.Seefeld Open 2006"]
[Site "Seefeld/AUT (23.9.-1.10)"]
[Date "2006.09.27"]
[Round "5"]
[White "Schett, Franz"]
[Black "Ranker, Klemens"]
[Result "0-1"]
[WhiteElo "2004"]
[BlackElo "1936"]
[PlyCount "88"]
[EventDate "2006.09.??"]
[EventType "swiss"]
[EventRounds "9"]
[EventCountry "AUT"]

1. e4 c5 2. Nf3 Nc6 3. Nc3 g6 4. d3 Bg7 5. Be2 d6 6. O-O Nf6 7. h3 O-O 8. Qe1
a6 9. Nh2 Nd4 10. Bd1 b5 11. Ne2 Ne8 12. f4 f5 13. Ng3 e6 14. c3 Nc6 15. exf5
exf5 16. Bb3+ d5 17. Nf3 Nc7 18. Bd2 Qd6 19. Rd1 Bd7 20. Bc1 Kh8 21. Kh1 Rae8
22. Qf2 d4 23. Ne2 dxc3 24. bxc3 Nd5 25. d4 c4 26. Bc2 Rxe2 27. Qxe2 Nxc3 28.
Qf2 Nxd1 29. Rxd1 Qd5 30. Ne5 Bc8 31. Qh4 Kg8 32. Ba3 Re8 33. Bb2 Nb4 34. Bb1
Bxe5 35. fxe5 Rxe5 36. Re1 Bb7 37. Be4 Rxe4 38. Rxe4 fxe4 39. Qe7 Nd3 40. Qe8+
Kg7 41. Bc3 b4 42. Qe7+ Qf7 43. Bxb4 Qxe7 44. Bxe7 c3 0-1

[Event "17.Seefeld Open 2006"]
[Site "Seefeld/AUT (23.9.-1.10)"]
[Date "2006.09.27"]
[Round "5"]
[White "Becker, Joerg"]
[Black "Johanssen, Torsten"]
[Result "1/2-1/2"]
[WhiteElo "1945"]
[BlackElo "2001"]
[PlyCount "58"]
[EventDate "2006.09.??"]
[EventType "swiss"]
[EventRounds "9"]
[EventCountry "AUT"]

1. d4 Nf6 2. c4 e5 3. dxe5 Ng4 4. Bf4 Bb4+ 5. Nd2 Nc6 6. Ngf3 Qe7 7. e3 Ngxe5
8. Nxe5 Nxe5 9. Be2 O-O 10. O-O Bxd2 11. Qxd2 d6 12. b4 b6 13. c5 Rd8 14. cxd6
cxd6 15. Rac1 Bb7 16. Rc3 Rac8 17. Rd1 Rxc3 18. Qxc3 f6 19. Rc1 Rc8 20. Qb3+
Kf8 21. Rxc8+ Bxc8 22. Bc4 Qc7 23. Be2 Bf5 24. h3 Qc1+ 25. Qd1 Qxd1+ 26. Bxd1
Be6 27. a3 Ke7 28. Be2 Bc4 29. Bxe5 Bxe2 1/2-1/2